000 00363nam a2200145Ia 4500
008 200103s9999||||xx |||||||||||||| ||und||
020 _a0408013133,
040 _aIMU-MPC
082 _aColumn-42
100 _aTaylor, D. A.
245 0 _aMarine Engineering Series: Marine Control Practice
260 _bButterworths, London
_c1987
300 _a424
942 _cBK
999 _c8735
_d8735